000 00648nam a2200193Ii 4500
003 JO-AjNU
008 230605s9999||||xx |||||||||||||| ||und||
040 _aJO-AjNU
_bara
_erda
_cJO-AjNU
041 _aara
050 1 4 _aDS154.A2.H873 2014
100 3 _aتاليف الحوراني، احمد,
_eauthor
_946352
245 0 0 _aرجال من ذاكرة الوطن، الجزء الثاني
264 3 1 _aد.م: د.ن، 2014
300 _aج2، 440ص
_bصور توضيحية
336 _atext
_btxt
_2rdacontent
337 _aunmediated
_bn
_2rdamedia
338 _avolume
_bnc
_2rdacarrier
650 4 _aالاردن- تراجم- تاريخ
_946353
999 _aA20157
_c23725
_d23725